00364 2200157 4500245003000000020002200030250001100052100001500063650001600078005001900094260003700113041001400150084000800164300002500172336000900197 aSi DoelcKinanti WPhText a978-602-6714-26-8 aCet. 1 aKinanti WP aNovel Fiksi a20230228085431 aJakartabFalcon Publishingc2018 aIndonesia a813 a228 hlm. :c20.5 cm. atext